Alpes-Maritimes - mort subite - Statistiques

Statistiques générales
  • Ce quiz a été pris 52 fois
  • Le résultat moyen est 10 sur 18
Answers on the Grid
Answers color-coded by a green-red scale on the quiz's grid according to % correct below.
Marseille
Nice
Gênes
Monaco
Draguignan
Antibes
Grasse
Un sommet de 3000 mètres
Pise
Fréjus
Tangshan
Un stade de la Coupe Mondiale de FIFA
Ségou
La Romana
Mérida
Le Parc national du Mercantour
Mandaue
Saint-Paul-de-Vence
Èze
Boulevard de la Croisette
La maison de Picasso
Menton
Sainte-Maxime
Grand-Bassam
Tete
Villefranche-sur-Mer
Saint-Jean-Cap-Ferrat
Fontvieille
Dresde
Poipet
Cannes
Le lieu de naissance de Sartre
La capitale mondiale des parfums
Tourrettes-sur-Loup
La Chèvre d'Or
Le Musée Matisse
 
Statistiques - réponses
Réponse % Correct
Nice
100%
Antibes
79%
Menton
66%
Grasse
63%
Cannes
61%
Saint-Jean-Cap-Ferrat
61%
Èze
58%
Saint-Paul-de-Vence
58%
Villefranche-sur-Mer
58%
Cannes Boulevard de la Croisette
50%
Le Parc national du Mercantour
50%
Grasse La capitale mondiale des parfums
47%
Tourrettes-sur-Loup
45%
Nice Le Musée Matisse
42%
Cime du Gélas (3143m) Un sommet de 3000 mètres
39%
Mougins La maison de Picasso
32%
Stade du Fort Carré, Antibes Un stade de la Coupe Mondiale de FIFA
32%
Èze La Chèvre d'Or
16%
Aucun quiz correspondant
Distribution des résultats
% des personnes avec chaque résultat
Percentile par nombre de réponses
Votre historique - résultats
Vous n’avez pas pris ce quiz